Central Library OPAC University of Rajshahi

Wales : (Record no. 21982)

MARC details
000 -LEADER
fixed length control field 00730cam a22002531 4500
001 - CONTROL NUMBER
control field 21982
003 - CONTROL NUMBER IDENTIFIER
rucl marc code BD-RjUL
005 - DATE AND TIME OF LATEST TRANSACTION
control field 20211209000743.0
008 - FIXED-LENGTH DATA ELEMENTS--GENERAL INFORMATION
fixed length control field 140306s1957 enk b 001 0 eng d
035 ## - SYSTEM CONTROL NUMBER
System control number (BD-RjUL)22047
System control number (OCoLC)400579
040 ## - CATALOGING SOURCE
Original cataloging agency DLC
Transcribing agency ODaWU
Modifying agency OCoLC
-- DLC
-- BD-RjUL
Language of cataloging eng
041 ## - LANGUAGE CODE
Language code of text/sound track or separate title eng
082 00 - DEWEY DECIMAL CLASSIFICATION NUMBER
Classification number 914.29
Author mark and year WAL 1957
245 10 - TITLE STATEMENT
Title Wales :
Remainder of title A Physical, Historical and Regional Geography /
Statement of responsibility, etc. Ed. by E. G. Bowen,
260 ## - PUBLICATION, DISTRIBUTION, ETC. (IMPRINT)
Place of publication, distribution, etc. London :
Name of publisher, distributor, etc. Methuen,
Date of publication, distribution, etc. 1957
300 ## - PHYSICAL DESCRIPTION
Pagination 528 p. ;
Size 24cm.
504 ## - BIBLIOGRAPHY, ETC. NOTE
Bibliography, etc Includes bibliographies. and Index
651 #0 - SUBJECT ADDED ENTRY--GEOGRAPHIC NAME
Geographic name Wales
General subdivision Description and travel.
9 (RLIN) 45879
700 1# - ADDED ENTRY--PERSONAL NAME
Personal name Bowen, E. G
942 ## - ADDED ENTRY ELEMENTS (KOHA)
Source of classification or shelving scheme Dewey Decimal Classification
Koha item type Books
Holdings
Lost status Source of classification or shelving scheme Damaged status Not for loan Collection code Permanent Location Current Location Shelving location Date acquired Source of acquisition Cost, normal purchase price Total Checkouts Full call number Date last seen Copy number Koha item type
  Dewey Decimal Classification   Added to bundle Non-fiction Central Library, University of Rajshahi Central Library, University of Rajshahi Reading Room 20/10/1962 Zeitlinger 42.00   914.29 WAL 1957 06/03/2014 C-1 Books